Wszystkie Polskie Partie Polityczne - Statystyki

Ogólne statystyki
  • Ten quiz został rozwiązany 935 razy
    878 od ostatniego zresetowania
  • Średni wynik to 10 z 21
Statystyki odpowiedzi
Data Rejestracji Partia % Poprawnych
13 czerwca 2001 rok PIS / Prawo i Sprawiedliwość
100%
5 marca 2002 rok PO / Platforma Obywatelska
99%
27 stycznia 2020 rok NL / Nowa Lewica / Lewica
94%
25 lipca 2019 rok Konfederacja / Konfederacja Wolność i Niepodległość
91%
7 kwietnia 1999 PSL / Polskie Stronnictwo Ludowe
91%
26 marca 2021 rok PL2050 / Polska 2050 Szymona Hołowni / Polska 2050
83%
25 sierpnia 2015 rok .N / Nowoczesna
74%
21 lipca 2015 rok Razem / Partia Razem
74%
24 stycznia 2020 rok KKP / Konfederacja Korony Polskiej
51%
23 lutego 2004 rok Zieloni
49%
19 kwietnia 2023 rok Kukiz15
45%
8 maja 2019 rok NN / Nowa Nadzieja
40%
28 lutego 2018 rok RN / Ruch Narodowy
36%
7 maja 1998 rok PPS / Polska Partia Socjalistyczna
27%
21 stycznia 1998 rok UP / Unia Pracy
22%
4 czerwca 2019 iPL / Inicjatywa Polska
21%
29 grudnia 2016 rok UED / Unia Europejskich Demokratów
8%
11 października 2022 rok CdP / Centrum dla Polski
5%
12 marca 2020 rok FdR / Federacja dla Rzeczypospolitej
4%
4 kwietnia 2023 rok Konserwatyści / Partia Konserwatywna
3%
19 września 2024 rok WiD / Wolność i Dobrobyt
3%
Nie znaleziono quizów pasujących do podanych kryteriów
Rozkład punktacji
Procent ludzi z każdym wynikiem
Percentyl według liczby udzielonych odpowiedzi
Twoja historia wyników
Nie rozwiązałeś tego quizu od ostatniego zresetowania